000 00322nam a22001217a 4500
008 181012b xxu||||| |||| 00| 0 eng d
041 _aeng
080 _a820
100 _a21
101 _aGJL
245 _aThe Anatomy of Literary Studies an Introduction to the study of English Literature
_cBoulton,M
942 _2udc
_cBK
999 _c49577
_d49577